| 000 | 00480nam a22001697a 4500 | ||
|---|---|---|---|
| 999 |
_c3637 _d3637 |
||
| 003 | GBCCL | ||
| 005 | 20241126110459.0 | ||
| 008 | 171130b xxu||||| |||| 00| 0 eng d | ||
| 040 | _cgbc | ||
| 082 |
_a221.95 _bBOG |
||
| 100 |
_aBoggs, W. E. _97227 |
||
| 245 |
_aOld Testament History / _cW. E. Boggs |
||
| 260 |
_aMineapolis: _bYoung People's Society of Christian Endeavor, _c1924 |
||
| 300 |
_a220p.; _c18 cm. |
||
| 650 |
_aBible _vOld Testament _xHistory _97228 |
||
| 942 |
_2ddc _cBK _07 |
||